عرض عادي
عرض مارك
- Marketing Communication
مدخل مصطلح موضوعي
001 - رقم الضبط
- حقل الضبط: 17816
003 - معرف رقم الضبط
- حقل الضبط: OSt
005 - تاريخ ووقت أخر عملية
- حقل الضبط: 20121130170912.0
008 - عناصر بيانات ثابتة الطول
- حقل تحكم ثابت الطول: 121130|||a|||||| | ||| d
040 ## - مصدر الفهرسة
- هيئة الفهرسة الأصلية: OSt
- وكالة الكتابة: OSt
150 ## - مدخل-- مصطلح تاريخي
- عنصر مدخل المصطلح الموضوعي او الاسم الجغرافي: Marketing Communication
670 ## - بيانات المصدر موجوده
- الاستشهاد بالمصدر: Work cat.: (OSt)0: Egan, John, 1952- 15140, Marketing Communication, 2007.
